Statistics for Name a City - U.S. States

Click here to take the quiz!

General Stats

  • This quiz has been taken 9,708 times
  • The average score is 22 of 49

Answer Stats

State Cities % Correct
CaliforniaSan Diego | San Jose | San Francisco | Fresno | Long Beach
93%
FloridaMiami | Tampa | Orlando | St. Petersburg | Hialeah
91%
TexasSan Antonio | Dallas | Fort Worth | El Paso | Arlington
83%
OhioCleveland | Cincinnati | Toledo | Akron | Dayton
75%
New YorkBuffalo | Rochester | Yonkers | Syracuse | New Rochelle
72%
GeorgiaAugusta | Columbus | Macon | Savannah | Athens
70%
ArizonaTucson | Mesa | Chandler | Scottsdale | Glendale
69%
MissouriSt. Louis | Springfield | Columbia | Independence | Lee's Summit
69%
PennsylvaniaPittsburgh | Allentown | Erie | Reading | Scranton
68%
TennesseeMemphis | Knoxville | Chattanooga | Clarksville | Murfreesboro
65%
ColoradoColorado Springs | Aurora | Fort Collins | Lakewood | Thornton
65%
NevadaHenderson | Reno | North Las Vegas | Sparks | Fernley
62%
KansasOverland Park | Kansas City | Olathe | Lawrence | Shawnee
62%
AlabamaHuntsville | Mobile | Tuscaloosa | Hoover | Dothan
59%
North CarolinaGreensboro | Durham | Winston-Salem | Fayetteville | Cary
59%
MassachusettsWorcester | Springfield | Cambridge | Lowell | Brockton
59%
AlaskaFairbanks | Wasilla | Sitka | Ketchikan | Kenai
55%
MichiganGrand Rapids | Warren | Sterling Heights | Ann Arbor | Flint
55%
OklahomaTulsa | Norman | Broken Arrow | Lawton | Edmond
51%
KentuckyLexington-Fayette | Bowling Green | Owensboro | Covington | Richmond
49%
WashingtonSpokane | Tacoma | Vancouver | Bellevue | Kent
49%
MinnesotaRochester | Duluth | Bloomington | Brooklyn Park | Plymouth
46%
New HampshireNashua | Dover | Rochester | Keene | Portsmouth
44%
WisconsinGreen Bay | Kenosha | Racine | Appleton | Waukesha
44%
IowaCedar Rapids | Davenport | Sioux City | Iowa City | Waterloo
43%
New JerseyJersey City | Paterson | Elizabeth | Clifton | Camden
41%
ConnecticutNew Haven | Stamford | Waterbury | Norwalk | Danbury
41%
VirginiaNorfolk | Chesapeake | Newport News | Alexandria | Hampton
39%
OregonEugene | Gresham | Hillsboro | Beaverton | Bend
39%
LouisianaShreveport | Lafayette | Lake Charles | Bossier City | Kenner
39%
IndianaFort Wayne | Evansville | South Bend | Carmel | Fishers
38%
UtahWest Valley City | Provo | West Jordan | Orem | Sandy
37%
IllinoisAurora | Naperville | Joliet | Rockford | Elgin
37%
MontanaMissoula | Great Falls | Bozeman | Butte | Kalispell
36%
DelawareNewark | Middletown | Smyrna | Milford | Seaford
36%
MaineLewiston | Bangor | South Portland | Auburn | Biddeford
31%
MississippiGulfport | Southaven | Biloxi | Hattiesburg | Tupelo
28%
ArkansasFort Smith | Fayetteville | Springdale | Jonesboro | North Little Rock
28%
New MexicoLas Cruces | Rio Rancho | Roswell | Farmington | Clovis
26%
IdahoMeridian | Nampa | Idaho Falls | Caldwell | Pocatello
26%
WyomingCasper | Laramie | Gillette | Rock Springs | Sheridan
26%
West VirginiaHuntington | Morgantown | Parkersburg | Wheeling | Weirton
22%
South CarolinaNorth Charleston | Mount Pleasant | Rock Hill | Greenville | Summerville
19%
South DakotaRapid City | Aberdeen | Brookings | Watertown | Mitchell
18%
North DakotaGrand Forks | Minot | West Fargo | Williston | Dickinson
16%
MarylandFrederick | Rockville | Gaithersburg | Bowie | Hagerstown
16%
Rhode IslandCranston | Warwick | Pawtucket | East Providence | Woonsocket
15%
NebraskaBellevue | Grand Island | Kearney | Fremont | Hastings
13%
VermontEssex | South Burlington | Colchester | Bennington | Rutland
10%

Score Distribution

Percentile by Number Answered

Percent of People with Each Score

Your Score History

You have not taken this quiz